Fuentes de Guadalajara /

Historia ilustrada de las fuentes ornamentales y de suministro de agua en la ciudad de Guadalajara, desde la epoca colonial hasta 1970.

Gardado en:
Detalles Bibliográficos
Outros autores: Arauz, Juan Víctor (fotógrafo) (fotógrafo), Obeso Orendain, Carlos de (colaboración) (colaboración), Villaseñor, Ramiro (colaboración) (colaboración), Rueda Esquivel, Ramón (colaboración) (colaboración)
Formato: Libro
Idioma:Lingua castelá
Publicado: Guadalajara, México : Ayuntamiento de Guadalajara, 1970
Temas:
Etiquetas: Engadir etiqueta
Sen Etiquetas, Sexa o primeiro en etiquetar este rexistro!

MARC

LEADER 00000nam^a2200000^a^4500
001 000564958
005 20250521000000.0
009 20260310132037.113
037 |a Acervo Xavier Clavigero 
041 |a ESP 
082 |a 714. 0972352  |b FUE 
245 0 0 |a Fuentes de Guadalajara /  |c fotógrafo J.V. Arauz... [et al.] ; colaboración literaria de C. de Obeso Orendain, R. Villaseñor, R. Rueda Esquivel. 
264 1 |a Guadalajara, México :  |b Ayuntamiento de Guadalajara,  |c 1970 
300 |a 46 p. 
300 |a 1 folleto 
336 |a texto  |b txt  |2 rdacontenido 
337 |a sin mediación  |b n  |2 rdamedio 
338 |a volumen  |b nc  |2 rdasoporte 
520 |a Historia ilustrada de las fuentes ornamentales y de suministro de agua en la ciudad de Guadalajara, desde la epoca colonial hasta 1970. 
546 |a Edición bilingüe español-inglés 
649 |a XX 
650 |a Fuentes -  |z Guadalajara, Jalisco -  |x Tema Principal 
650 |a Fuentes -  |z México 
650 |a Arquitectura Jalisciense 
650 |a Arquitectura Mexicana 
650 |a Arquitectura del Paisaje -  |z Guadalajara, Jalisco 
650 |a Arte Jalisciense 
650 |a Arte Mexicano 
650 |a Guadalajara, Jalisco -  |x Historia 
650 |a Guadalajara, Jalisco -  |x Descripción 
700 |a Arauz, Juan Víctor  |e (fotógrafo) 
700 |a Obeso Orendain, Carlos de  |e (colaboración) 
700 |a Villaseñor, Ramiro  |e (colaboración) 
700 |a Rueda Esquivel, Ramón  |e (colaboración) 
910 |a Fondo General 
920 |a Impresos - Libros 
930 |a Colección General 
905 |a 101 
901 |a 0500400300  |b IT2  |c FOL  |i 062862  |u 20250521 
902 |a https://opac.biblio.iteso.mx/vufind/Record/000564958